LEADER 02346oas 2200781 a 450 001 9910133439703321 005 20260309213017.0 035 $a(DE-599)ZDB2666275-9 035 $a(DE-599)2666275-9 035 $a(DE-599)2666741-1 035 $a(OCoLC)609713071 035 $a(CONSER) 2012235400 035 $a(CKB)110978977564113 035 $a(EXLCZ)99110978977564113 100 $a20100427a19879999 uy 101 0 $aeng 135 $aurun||||||||| 181 $ctxt$2rdacontent 182 $cc$2rdamedia 183 $acr$2rdacarrier 200 00$aAfrican review of money finance and banking 210 $aMilan, Italy $cFinafrica, Centre for Financial Assistance to African Countries$d1987- 311 08$a0393-4551 606 $aFinance$zAfrica$vPeriodicals 606 $aBanks and banking$zAfrica$vPeriodicals 606 $aFinances$3(CaQQLa)201-0026008$zAfrique$3(CaQQLa)201-0386836$vPe?riodiques$3(CaQQLa)201-0378307 606 $aBanks and banking$2fast$3(OCoLC)fst00826867 606 $aFinance$2fast$3(OCoLC)fst00924349 606 $aEntwicklungsfinanzierung$3(DE-601)091357349$3(DE-STW)10552-4$2stw 606 $aFinanzmarkt$3(DE-601)091359937$3(DE-STW)13723-2$2stw 606 $aAfrika$3(DE-601)091345790$3(DE-STW)17642-3$2stw 607 $aAfrica$2fast$1https://id.oclc.org/worldcat/entity/E39PBJkHrMyfHC67yqRTycbrv3 608 $aperiodicals.$2aat 608 $aPeriodicals.$2fast 608 $aPeriodicals.$2lcgft 608 $aPe?riodiques.$2rvmgf 615 0$aFinance 615 0$aBanks and banking 615 6$aFinances 615 7$aBanks and banking. 615 7$aFinance. 615 7$aEntwicklungsfinanzierung 615 7$aFinanzmarkt 615 7$aAfrika 676 $a332/.096/05 712 02$aFinafrica (Institution) 712 02$a"Giordano dell'Amore" Foundation. 801 0$bOCLCS 801 1$bOCLCS 801 2$bOCLCS 801 2$bOCLCQ 801 2$bOCLCE 801 2$bEYM 801 2$bHUL 801 2$bOCLCQ 801 2$bOCLCF 801 2$bOCLCO 801 2$bOCLCQ 801 2$bVT2 801 2$bOCLCQ 801 2$bU3W 801 2$bOCLCL 801 2$bOCLCQ 801 2$bOCLCL 906 $aJOURNAL 912 $a9910133439703321 996 $aAfrican review of money finance and banking$91326004 997 $aUNINA